[Event "68th ch-RUS HL 2015"]
[Site "Kaliningrad RUS"]
[Date "2015.06.26"]
[Round "5.2"]
[White "Fedoseev, Vladimir3"]
[Black "Motylev, Alexander"]
[Result "0-1"]
[WhiteTitle "GM"]
[BlackTitle "GM"]
[WhiteElo "2674"]
[BlackElo "2643"]
[WhiteFideId "24130737"]
[BlackFideId "4121830"]
[EventDate "2015.06.22"]

1. Nf3 Nf6 2. g3 d5 3. Bg2 c6 4. O-O Bg4 5. d4 e6 6. Nbd2 Nbd7 7. Re1 Be7 8. e4
dxe4 9. Nxe4 Nxe4 10. Rxe4 Bh5 11. c3 O-O 12. Qb3 Qb6 13. Nd2 Bg6 14. Re1 Bd3
15. h4 h6 16. Re3 Bh7 17. Nc4 Qc7 18. Re1 b5 19. Ne5 Nxe5 20. Bf4 Bd6 21. Bxe5
Rab8 22. Bxd6 Qxd6 23. Re5 Bd3 24. Rc5 Bc4 25. Qa3 Bd5 26. Bxd5 exd5 27. Qa6
Rbc8 28. Rxb5 f5 29. Rb7 f4 30. Qd3 Rce8 31. Qf3 fxg3 32. Qxg3 Qf6 33. Kf1 Re4
34. Rb8 Rxb8 35. Qxb8+ Kh7 36. Qg3 Rxh4 37. Kg2 Re4 38. Rg1 Qe6 39. f3 Re3 40.
Kf2 g5 41. Kg2 Re2+ 42. Kh1 Rxb2 43. Re1 Qf5 44. Qg4 Qxg4 45. Re7+ Kg8 46. fxg4
Rxa2 47. Re6 a5 48. Rxh6 a4 49. Rd6 a3 50. Rd8+ Kf7 51. Rd7+ Ke8 52. Ra7 Kd8 53.
Kg1 Kc8 54. Kf1 Ra1+ 0-1

[Event "68th ch-RUS HL 2015"]
[Site "Kaliningrad RUS"]
[Date "2015.06.26"]
[Round "5.4"]
[White "Paravyan, David"]
[Black "Artemiev, Vladislav"]
[Result "0-1"]
[WhiteTitle "IM"]
[BlackTitle "GM"]
[WhiteElo "2478"]
[BlackElo "2660"]
[WhiteFideId "4194985"]
[BlackFideId "24101605"]
[EventDate "2015.06.22"]

1. e4 c5 2. Nf3 d6 3. d4 cxd4 4. Nxd4 Nf6 5. Nc3 a6 6. Be2 e6 7. Be3 Nc6 8. f4
Bd7 9. g4 Nxd4 10. Bxd4 Qa5 11. O-O Bc6 12. Qd2 Be7 13. Be3 Qc7 14. Bf3 h6 15.
a4 Nd7 16. Qf2 b6 17. Bg2 Bf6 18. Qd2 Rc8 19. Rad1 O-O 20. e5 Bxg2 21. Kxg2 Be7
22. exd6 Qc6+ 23. Kg1 Bf6 24. Bd4 Qxd6 25. Bxf6 Qxd2 26. Rxd2 Nxf6 27. g5 Ng4
28. Re2 hxg5 29. fxg5 Rc5 30. Rf4 Ne5 31. h4 Rd8 32. Ref2 Rc4 33. Ne4 Rd1+ 34.
Kg2 Rc1 35. c3 Rb1 36. h5 Nd3 37. Nf6+ gxf6 38. Rxc4 Nxf2 39. Kxf2 Rxb2+ 40. Kf3
fxg5 41. Kg4 Rg2+ 42. Kf3 Rh2 43. Rc6 Rh4 44. c4 Kg7 45. Ke3 a5 46. Kd3 Rh3+ 47.
Kc2 g4 48. Rxb6 g3 49. Rb1 Rxh5 50. Kd3 Rg5 51. Rg1 Kf6 52. c5 0-1

[Event "68th ch-RUS HL 2015"]
[Site "Kaliningrad RUS"]
[Date "2015.06.26"]
[Round "5.5"]
[White "Frolyanov, Dmitry"]
[Black "Alekseev, Evgeny"]
[Result "1-0"]
[WhiteTitle "GM"]
[BlackTitle "GM"]
[WhiteElo "2566"]
[BlackElo "2651"]
[WhiteFideId "4151976"]
[BlackFideId "4138147"]
[EventDate "2015.06.22"]

1. e4 c6 2. d4 d5 3. e5 c5 4. dxc5 Nc6 5. Nf3 Bg4 6. c3 e6 7. b4 a6 8. Nbd2 Nxe5
9. Be2 Nc6 10. O-O Nf6 11. h3 Bh5 12. Bb2 Be7 13. Nd4 Bxe2 14. Qxe2 Qd7 15. Nxc6
Qxc6 16. c4 O-O 17. a3 Rad8 18. Nb3 Rd7 19. Na5 Qc8 20. cxd5 Rxd5 21. Nc4 Qc6
22. Ne3 Rd7 23. Rad1 Rfd8 24. Rxd7 Rxd7 25. Rd1 Rxd1+ 26. Qxd1 b6 27. cxb6 Qxb6
28. Qf3 Nd7 29. Nc4 Qb5 30. Qe4 Bf8 31. Ne5 Nxe5 32. Bxe5 f6 33. Bd6 Qb6 34.
Bxf8 Kxf8 35. Qxh7 Qc6 36. Qh8+ Kf7 37. Qh5+ Ke7 38. Qg6 Kf8 39. Qd3 e5 40. g3
Ke7 41. h4 Qc1+ 42. Kh2 Qc6 43. Qb3 f5 44. Qe3 Ke6 45. Qa7 f4 46. gxf4 exf4 47.
Qxg7 Qf3 48. Qg2 Qh5 49. Qe4+ 1-0

[Event "68th ch-RUS HL 2015"]
[Site "Kaliningrad RUS"]
[Date "2015.06.26"]
[Round "5.6"]
[White "Zvjaginsev, Vadim"]
[Black "Shariyazdanov, Andrey"]
[Result "1-0"]
[WhiteTitle "GM"]
[BlackTitle "GM"]
[WhiteElo "2648"]
[BlackElo "2535"]
[WhiteFideId "4113403"]
[BlackFideId "4122747"]
[EventDate "2015.06.22"]

1. e4 e6 2. d4 d5 3. Nd2 a6 4. Ngf3 c5 5. exd5 exd5 6. dxc5 Bxc5 7. Nb3 Bb6 8.
Bd3 Nf6 9. Qe2+ Qe7 10. Qxe7+ Kxe7 11. O-O Nc6 12. c4 Nb4 13. Be2 dxc4 14. Nbd2
Nc2 15. Nxc4 Ba7 16. Rb1 Bf5 17. Bd2 b5 18. Nce5 Rac8 19. a4 Ne4 20. axb5 Nxd2
21. Nxd2 Nd4 22. Bd3 Bxd3 23. Nxd3 Rhd8 24. Rfd1 axb5 25. Kf1 Ne6 26. Nf3 f6 27.
Ra1 Rd7 28. Re1 Kf7 29. Nde5+ 1-0

[Event "68th ch-RUS HL 2015"]
[Site "Kaliningrad RUS"]
[Date "2015.06.26"]
[Round "5.7"]
[White "Demchenko, Anton"]
[Black "Matlakov, Maxim"]
[Result "1/2-1/2"]
[WhiteTitle "GM"]
[BlackTitle "GM"]
[WhiteElo "2589"]
[BlackElo "2696"]
[WhiteFideId "4160258"]
[BlackFideId "4168003"]
[EventDate "2015.06.22"]

1. e4 c5 2. Nf3 e6 3. d4 cxd4 4. Nxd4 Nc6 5. Nc3 Qc7 6. g3 a6 7. Bg2 Nf6 8. O-O
Nxd4 9. Qxd4 Bc5 10. Bf4 d6 11. Qd2 h6 12. Rad1 e5 13. Be3 Be6 14. Bxc5 dxc5 15.
Nd5 Bxd5 16. exd5 Qd6 17. c4 O-O 18. Bh3 Rfe8 19. Rfe1 h5 20. Re2 Re7 21. Rde1
Rae8 22. Bf5 g6 23. Bc2 b5 24. b3 Kg7 25. a3 h4 26. Qc3 Kg8 27. Be4 hxg3 28.
hxg3 Nd7 29. g4 Nf6 30. Qg3 bxc4 31. bxc4 Kg7 32. f3 Rh8 33. Bc2 Nd7 34. Kg2 Nb6
35. Bd3 Nd7 36. Bc2 Nb6 37. Re4 Rb7 38. g5 Nd7 39. R1e2 Rh5 40. Rh4 Rxh4 41.
Qxh4 Rb8 42. Qh6+ Kg8 43. Kf1 e4 44. Bxe4 Qf4 45. Bxg6 fxg6 46. Qxg6+ Kh8 47.
Qh6+ Kg8 48. Qg6+ 1/2-1/2

[Event "68th ch-RUS HL 2015"]
[Site "Kaliningrad RUS"]
[Date "2015.06.26"]
[Round "5.10"]
[White "Ponkratov, Pavel"]
[Black "Rakhmanov, Aleksandr"]
[Result "1-0"]
[WhiteTitle "GM"]
[BlackTitle "GM"]
[WhiteElo "2610"]
[BlackElo "2623"]
[WhiteFideId "4157800"]
[BlackFideId "4173708"]
[EventDate "2015.06.22"]

1. e4 d5 2. exd5 Qxd5 3. Nf3 Nf6 4. d4 g6 5. c4 Qd8 6. Nc3 Bg7 7. Be2 O-O 8. O-O
c6 9. Bf4 Bf5 10. h3 Ne4 11. Qb3 Qb6 12. Qa3 Nxc3 13. bxc3 c5 14. g4 Bc8 15.
Rab1 Qe6 16. Rfe1 Na6 17. Bf1 Qc6 18. Ne5 Qf6 19. Bg3 Rd8 20. Bg2 cxd4 21. cxd4
Rxd4 22. c5 Rb8 23. c6 b5 24. Nf3 Rc4 25. Be5 Qxc6 26. Nd2 Rc3 27. Qa5 Qc5 28.
Bxb8 Nxb8 29. Ne4 Nc6 30. Qxc3 1-0

[Event "68th ch-RUS HL 2015"]
[Site "Kaliningrad RUS"]
[Date "2015.06.26"]
[Round "5.11"]
[White "Gordievsky, Dmitry"]
[Black "Inarkiev, Ernesto"]
[Result "1/2-1/2"]
[WhiteTitle "FM"]
[BlackTitle "GM"]
[WhiteElo "2491"]
[BlackElo "2668"]
[WhiteFideId "24112798"]
[BlackFideId "4162722"]
[EventDate "2015.06.22"]

1. d4 d5 2. c4 c6 3. Nf3 Nf6 4. Nc3 e6 5. Bg5 Nbd7 6. e3 h6 7. Bh4 Be7 8. Rc1
O-O 9. a3 b6 10. cxd5 cxd5 11. Be2 Bb7 12. O-O a6 13. a4 Bd6 14. Bg3 Bxg3 15.
hxg3 Qe7 16. Qb3 Rfc8 17. a5 Bc6 18. axb6 Rcb8 19. Na4 Bxa4 20. Qxa4 Rxb6 21.
Rc2 Rab8 22. Qa2 Qd6 23. Rfc1 g6 24. Ne1 Kg7 25. Nd3 e5 26. Nc5 exd4 27. exd4
Ne4 28. Bd3 Nf8 29. Re1 Re8 30. Qa4 Re7 31. Rce2 Ne6 32. Nxe4 dxe4 33. Rxe4 Rd7
34. d5 Qxd5 35. Bc4 Qc6 36. Qxc6 Rxc6 37. Bxe6 Rxe6 38. Rxe6 fxe6 39. Rxe6 Rd1+
40. Kh2 Rd2 41. f4 Rxb2 42. Rxa6 h5 43. g4 hxg4 44. Kg3 Kf7 45. Ra5 Kf6 46. Rg5
Rc2 47. Rxg4 Rc3+ 48. Kh4 Rc4 49. g3 Rc5 50. Kh3 g5 51. fxg5+ Rxg5 52. Rxg5 Kxg5
53. Kg2 Kg4 54. Kf1 Kxg3 1/2-1/2

[Event "68th ch-RUS HL 2015"]
[Site "Kaliningrad RUS"]
[Date "2015.06.26"]
[Round "5.12"]
[White "Sjugirov, Sanan"]
[Black "Chigaev, Maksim"]
[Result "1-0"]
[WhiteTitle "GM"]
[BlackTitle "IM"]
[WhiteElo "2662"]
[BlackElo "2525"]
[WhiteFideId "4189302"]
[BlackFideId "4108116"]
[EventDate "2015.06.22"]

1. e4 c6 2. d4 d5 3. e5 Bf5 4. c4 e6 5. Nc3 Ne7 6. a3 dxc4 7. Bxc4 Nd7 8. Nge2
Nb6 9. Bb3 h6 10. Ng3 Bg6 11. Be3 Ned5 12. O-O Be7 13. Qd2 Qd7 14. f4 h5 15. h3
h4 16. Nge4 O-O-O 17. Bf2 Kb8 18. Rfe1 Bf5 19. a4 Rdg8 20. a5 Na8 21. Nc5 Bxc5
22. dxc5 a6 23. Ne2 Nac7 24. Nd4 Qe7 25. Nf3 Rd8 26. Ra4 Nb5 27. Qe2 Bg6 28. Qf1
Ndc7 29. Rc1 Rd3 30. Bc4 Rxf3 31. gxf3 Rd8 32. Rd1 Bc2 33. Rxd8+ Qxd8 34. Ra1 g5
35. Qc1 Nd4 36. Qe3 Ndb5 37. fxg5 Nd5 38. Qd2 Bf5 39. Kg2 Qh8 40. Bxd5 cxd5 41.
Qf4 Qd8 42. Rd1 Qxa5 43. Qxh4 Bc2 44. Qh8+ Kc7 45. Rh1 Qd2 46. Qf6 Bg6 47. h4
Bh5 48. g6 fxg6 49. Qe7+ Kc8 50. Qxe6+ Kd8 51. Qf6+ Kc7 52. e6 1-0

[Event "68th ch-RUS HL 2015"]
[Site "Kaliningrad RUS"]
[Date "2015.06.26"]
[Round "5.13"]
[White "Riazantsev, Alexander"]
[Black "Bocharov, Ivan"]
[Result "1-0"]
[WhiteTitle "GM"]
[BlackTitle "FM"]
[WhiteElo "2658"]
[BlackElo "2472"]
[WhiteFideId "4125029"]
[BlackFideId "4180887"]
[EventDate "2015.06.22"]

1. e4 d5 2. exd5 Qxd5 3. Nc3 Qa5 4. d4 Nf6 5. Nf3 c6 6. Bc4 Bf5 7. Bd2 Nbd7 8.
Qe2 Qc7 9. O-O-O e6 10. Ne5 Be7 11. Rhe1 O-O 12. Bb3 Nxe5 13. dxe5 Nd7 14. g4
Bg6 15. f4 Nc5 16. Rf1 f5 17. exf6 Rxf6 18. f5 Nxb3+ 19. axb3 exf5 20. Bf4 Bd6
21. Rxd6 Rxd6 22. gxf5 Bf7 23. Qe5 Rad8 24. Ne4 Re8 25. Qxd6 Qa5 26. Nd2 Qxf5
27. Bg3 Qa5 28. Qc7 Qd5 29. Qxb7 Bg6 30. Qb4 Qg2 31. Qc4+ Kh8 32. Qf4 h5 33. Qf3
Qh3 34. Nc4 Be4 35. Qf4 Bg6 36. Re1 Rxe1+ 37. Bxe1 Qg2 38. Ne3 Qh1 39. Kd2 Kh7
40. b4 a6 41. b3 Kh8 42. Ke2 Kh7 43. Kf2 Kg8 44. Ng2 Kh7 45. Qe5 1-0

[Event "68th ch-RUS HL 2015"]
[Site "Kaliningrad RUS"]
[Date "2015.06.26"]
[Round "5.14"]
[White "Matsenko, Sergei"]
[Black "Grachev, Boris"]
[Result "1/2-1/2"]
[WhiteTitle "IM"]
[BlackTitle "GM"]
[WhiteElo "2505"]
[BlackElo "2657"]
[WhiteFideId "4170083"]
[BlackFideId "4129199"]
[EventDate "2015.06.22"]

1. d4 Nf6 2. c4 e6 3. Nc3 d5 4. Bg5 Be7 5. e3 Nbd7 6. Qc2 h6 7. Bh4 c6 8. cxd5
cxd5 9. Nf3 O-O 10. Bd3 a6 11. O-O b6 12. Rac1 Bb7 13. Qe2 Qb8 14. Na4 Re8 15.
Rc2 Bd6 16. Bxf6 gxf6 17. e4 dxe4 18. Bxe4 f5 19. Bc6 Bxc6 20. Rxc6 b5 21. Nc3
Bf8 22. Rc1 Qb7 23. Nd1 Rac8 24. Qc2 Nb6 25. h3 Bd6 26. Ne3 Bf4 27. Ne5 Bxe5 28.
dxe5 Red8 29. b3 Qb8 30. Qb2 Rxc6 31. Rxc6 Nd5 32. Nxd5 Rxd5 33. Qc3 Qxe5 34.
Qxe5 Rxe5 35. Rxa6 Re1+ 36. Kh2 b4 37. Rb6 Re2 38. Kg3 Rxa2 39. Rxb4 Kg7 40. Rb7
Kg6 41. f4 1/2-1/2

[Event "68th ch-RUS HL 2015"]
[Site "Kaliningrad RUS"]
[Date "2015.06.26"]
[Round "5.15"]
[White "Shimanov, Aleksandr"]
[Black "Chekhov, Sergei"]
[Result "0-1"]
[WhiteTitle "GM"]
[BlackTitle "IM"]
[WhiteElo "2606"]
[BlackElo "2476"]
[WhiteFideId "4198603"]
[BlackFideId "4195639"]
[EventDate "2015.06.22"]

1. d4 Nf6 2. c4 e6 3. Nc3 Bb4 4. Nf3 c5 5. g3 Ne4 6. Qc2 Qa5 7. Qxe4 Bxc3+ 8.
Bd2 Bxd2+ 9. Nxd2 Nc6 10. d5 Nd4 11. Kd1 Nf5 12. e3 d6 13. dxe6 fxe6 14. Bd3 Qb6
15. Kc2 Bd7 16. Qg4 O-O 17. Qh3 d5 18. g4 Nh6 19. f4 e5 20. fxe5 Bxg4 21. Qg2
dxc4 22. Bxc4+ Be6 23. Rhf1 Bxc4 24. Nxc4 Qe6 25. Qe4 Ng4 26. a4 Nf2 27. Qh4 Ng4
28. b3 Nxe5 29. Qe4 Rfe8 30. Rae1 Nxc4 31. Qxc4 b6 32. Rf4 Qxc4+ 33. bxc4 Re6
34. e4 Rf8 35. Rxf8+ Kxf8 36. h4 Rf6 37. a5 bxa5 38. Ra1 Rf4 39. Kd3 Rxh4 40.
Rxa5 Rh3+ 41. Kd2 h5 42. Rxc5 h4 43. Ra5 Rg3 44. Rxa7 h3 45. c5 h2 46. Ra8+ Ke7
47. Rh8 Ra3 0-1

[Event "68th ch-RUS HL 2015"]
[Site "Kaliningrad RUS"]
[Date "2015.06.26"]
[Round "5.16"]
[White "Rozum, Ivan"]
[Black "Bocharov, Dmitry"]
[Result "0-1"]
[WhiteTitle "GM"]
[BlackTitle "GM"]
[WhiteElo "2539"]
[BlackElo "2580"]
[WhiteFideId "24104272"]
[BlackFideId "4138716"]
[EventDate "2015.06.22"]

1. d4 Nf6 2. c4 e6 3. Nf3 c5 4. d5 b5 5. dxe6 fxe6 6. cxb5 a6 7. bxa6 Bxa6 8.
Nbd2 Nc6 9. e3 Qa5 10. Be2 Be7 11. O-O O-O 12. e4 d5 13. exd5 exd5 14. Nb3 Qb6
15. Bxa6 Qxa6 16. Bg5 Rad8 17. Rc1 Qb6 18. Be3 d4 19. Bg5 Kh8 20. Re1 Rd5 21.
Qd3 Qd8 22. a3 Qd7 23. Rc2 Rf5 24. Rec1 Ng4 25. Bxe7 Qxe7 26. Re2 Nce5 27. Nxe5
Nxe5 28. Qe4 d3 29. Re3 Qf7 30. Nd2 Rxf2 31. Nf3 Nxf3+ 32. Rxf3 Rxf3 33. Qxf3 d2
34. Rf1 Qxf3 35. gxf3 Rb8 36. Kf2 Rxb2 37. Ke3 c4 38. a4 Rc2 39. Rb1 h6 40. a5
c3 41. a6 Kh7 42. Rh1 Rc1 43. a7 Rxh1 44. a8=Q Re1+ 45. Kd4 0-1

[Event "68th ch-RUS HL 2015"]
[Site "Kaliningrad RUS"]
[Date "2015.06.28"]
[Round "6.1"]
[White "Artemiev, Vladislav"]
[Black "Zvjaginsev, Vadim"]
[Result "1/2-1/2"]
[WhiteTitle "GM"]
[BlackTitle "GM"]
[WhiteElo "2660"]
[BlackElo "2648"]
[WhiteFideId "24101605"]
[BlackFideId "4113403"]
[EventDate "2015.06.22"]

1. c4 c5 2. Nf3 Nf6 3. Nc3 e6 4. g3 Nc6 5. Bg2 d5 6. cxd5 Nxd5 7. O-O Nf6 8. d3
Be7 9. Bg5 O-O 10. Rc1 Nd5 11. Bxe7 Qxe7 12. d4 Nxc3 13. Rxc3 Rd8 14. Rd3 cxd4
15. Nxd4 Bd7 16. Nxc6 Bxc6 17. Bxc6 bxc6 18. Qc2 Rxd3 19. Qxd3 Rd8 20. Qc3 Qf6
21. Rc1 Qxc3 22. Rxc3 Rd2 23. Rb3 g5 24. Kf1 Rd1+ 25. Kg2 g4 26. e3 Rd2 27. a4
a5 28. Rb6 Rc2 29. b4 axb4 30. Rxb4 h5 31. Rb6 Kg7 32. a5 Ra2 33. a6 c5 34. Rc6
Kg6 35. Rxc5 Rxa6 36. h3 Ra2 37. hxg4 hxg4 38. Rc4 Kg5 39. Rf4 f5 40. Rb4 1/2-1/2

[Event "68th ch-RUS HL 2015"]
[Site "Kaliningrad RUS"]
[Date "2015.06.28"]
[Round "6.2"]
[White "Khairullin, Ildar"]
[Black "Frolyanov, Dmitry"]
[Result "1/2-1/2"]
[WhiteTitle "GM"]
[BlackTitle "GM"]
[WhiteElo "2653"]
[BlackElo "2566"]
[WhiteFideId "4151348"]
[BlackFideId "4151976"]
[EventDate "2015.06.22"]

1. Nf3 d5 2. d4 Nf6 3. c4 e6 4. Nc3 dxc4 5. e4 Bb4 6. Bg5 c5 7. Bxc4 cxd4 8.
Nxd4 Bxc3+ 9. bxc3 Qa5 10. Bb5+ Nbd7 11. Bxf6 Qxc3+ 12. Kf1 gxf6 13. h4 a6 14.
Rh3 Qb4 15. Be2 Qd6 16. Qa4 b5 17. Nxb5 Qc6 18. Rc3 axb5 19. Qb4 Qb6 20. Rac1
Ba6 21. Rc6 Qb8 22. Rc7 Qd8 23. a4 Rb8 24. axb5 Rc8 25. b6 Bxe2+ 26. Kxe2 Nxb6
27. Qb5+ Kf8 28. Qxb6 Rxc7 29. Qxc7 Qxc7 30. Rxc7 Kg7 31. g3 Ra8 32. Kf3 Ra3+
33. Ke2 Ra2+ 34. Ke3 Ra3+ 35. Ke2 Ra2+ 36. Ke3 Ra3+ 37. Ke2 Ra2+ 38. Ke3 Ra3+
39. Ke2 Ra2+ 40. Ke3 Ra3+ 1/2-1/2

[Event "68th ch-RUS HL 2015"]
[Site "Kaliningrad RUS"]
[Date "2015.06.28"]
[Round "6.5"]
[White "Bukavshin, Ivan"]
[Black "Kobalia, Mikhail"]
[Result "1/2-1/2"]
[WhiteTitle "GM"]
[BlackTitle "GM"]
[WhiteElo "2647"]
[BlackElo "2623"]
[WhiteFideId "4199758"]
[BlackFideId "4119150"]
[EventDate "2015.06.22"]

1. d4 d5 2. c4 c6 3. Nf3 Nf6 4. Nc3 dxc4 5. a4 e6 6. e3 c5 7. Bxc4 Nc6 8. O-O
cxd4 9. exd4 Be7 10. d5 exd5 11. Nxd5 Nxd5 12. Bxd5 O-O 13. Bf4 Be6 14. Bxe6
fxe6 15. Be3 Qd5 16. Qe2 Rad8 17. Rad1 Qb3 18. Rxd8 Rxd8 19. Qb5 Qb4 20. Rc1 a6
21. Qxb4 Bxb4 22. Kf1 Rd3 23. Ke2 Rb3 24. Rc2 e5 25. Kd1 Ba5 26. Bc5 h6 27. Kc1
Bb4 28. Nd2 Bxd2+ 29. Rxd2 Nb4 30. Kb1 Nd3 31. Be3 e4 32. Ka2 Nc1+ 33. Kb1 Nd3
34. Bd4 Rb4 35. Bc3 Rc4 36. f3 Nc5 37. Rd8+ Kf7 38. a5 exf3 39. gxf3 Rh4 40. Rd5
Na4 41. Bd4 g5 42. Rd6 Rf4 43. Bh8 Rxf3 44. Rd7+ Kg8 45. Bd4 Rf5 46. b4 Rb5 47.
Ka2 Rxb4 48. Ka3 Rc4 49. Rd8+ Kf7 50. Kb3 Rc1 51. Kxa4 Ke7 52. Rd5 Rc2 53. Bg1
Rg2 54. Rd1 Ke6 55. Kb4 h5 56. Kc5 Rb2 57. Rd6+ Kf5 58. Rd5+ Ke6 59. Re5+ Kf7
60. Kd6 Rg2 61. Be3 Kf6 62. Rd5 h4 63. Kc7 g4 64. Bg5+ Ke6 65. Rd6+ Kf5 66. Bxh4
Rxh2 67. Rf6+ Ke4 68. Bf2 Rh5 69. Bb6 Rh7+ 70. Kb8 Rg7 71. Rf1 g3 72. Ka7 g2 73.
Rg1 Kd5 74. Rc1 Rf7 75. Rc5+ Ke4 76. Rg5 Kf3 77. Kb8 Rh7 78. Rf5+ Ke4 79. Rg5
Kf3 80. Rg8 Re7 81. Rd8 Rg7 82. Rd1 Ke4 83. Ka7 Kf3 84. Rb1 Rh7 85. Bg1 Rh5 86.
Ra1 Rh7 87. Rb1 Rh5 88. Kb6 Ke2 89. Bc5 Rf5 90. Rb2+ Kf1 91. Bd4 Rf4 92. Bc5 Rf5
93. Ra2 Rf7 94. Ka7 Rf5 95. Bb6 Rf7 96. Rd2 Rg7 97. Bd4 Rg5 98. Ra2 Rg4 99. Bb6
Rg7 100. Bc5 Rg5 101. Kb6 Rg7 102. Ka7 Rg5 103. Ra1+ Ke2 104. Bg1 Rg7 105. Rc1
Rg5 106. Bb6 Rg7 107. Rc8 Rg5 108. Kxb7 Rxa5 109. Rg8 Rf5 110. Rxg2+ Kd3 111.
Kxa6 Kc4 112. Rg4+ Kd5 113. Kb5 Kd6+ 114. Kc4 Rf6 115. Bd4 Re6 116. Rg7 Rh6 117.
Bc5+ Ke5 118. Re7+ Re6 119. Bd4+ Kf5 120. Rf7+ Ke4 121. Rf1 Rc6+ 122. Bc5 Re6
123. Rf2 Re5 124. Bd6 Re6 125. Kc5 Kd3 126. Kd5 Re3 127. Ra2 Rf3 128. Be5 Re3
129. Ra4 Ke2 130. Bd4 Rd3 131. Ke4 Rd2 132. Ra3 Rc2 133. Rh3 Rd2 134. Bc3 Rc2
135. Rh2+ Kd1 136. Rh1+ Ke2 137. Rh3 Kd1 138. Kd3 Rd2+ 139. Kc4 Rf2 140. Re3 Re2
141. Rf3 Kc2 142. Rf1 Re4+ 143. Bd4 Kd2 144. Rf8 Re2 145. Ra8 Kc2 146. Ra3 Kd2
147. Rd3+ Kc2 148. Be3 Rg2 149. Rc3+ Kd1 150. Kd3 Rd2+ 151. Bxd2 1/2-1/2

[Event "68th ch-RUS HL 2015"]
[Site "Kaliningrad RUS"]
[Date "2015.06.28"]
[Round "6.6"]
[White "Demchenko, Anton"]
[Black "Popov, Ivan RUS"]
[Result "0-1"]
[WhiteTitle "GM"]
[BlackTitle "GM"]
[WhiteElo "2589"]
[BlackElo "2647"]
[WhiteFideId "4160258"]
[BlackFideId "4170350"]
[EventDate "2015.06.22"]

1. e4 c5 2. Nf3 d6 3. d4 cxd4 4. Nxd4 Nf6 5. Nc3 Nc6 6. Bg5 e6 7. Qd2 Be7 8.
O-O-O O-O 9. h4 a6 10. Be2 Nxd4 11. Qxd4 Qa5 12. Kb1 b5 13. e5 dxe5 14. Qxe5 Bb7
15. Bf3 Bxf3 16. gxf3 Rfd8 17. Ne4 Nxe4 18. fxe4 Rxd1+ 19. Rxd1 Rd8 20. Rg1 Bxg5
21. Qxg5 g6 22. c3 Rd7 23. h5 Qa4 24. hxg6 Qxe4+ 25. Ka1 hxg6 26. Qc5 Qd5 27.
Qxd5 Rxd5 28. a4 bxa4 29. Ka2 Rf5 30. Rg4 Rxf2 31. Rxa4 g5 32. Rxa6 g4 33. c4 g3
34. Ra3 g2 35. Rg3+ Kf8 36. c5 Ke7 37. Rg8 f5 0-1

[Event "68th ch-RUS HL 2015"]
[Site "Kaliningrad RUS"]
[Date "2015.06.28"]
[Round "6.7"]
[White "Matlakov, Maxim"]
[Black "Gordievsky, Dmitry"]
[Result "0-1"]
[WhiteTitle "GM"]
[BlackTitle "FM"]
[WhiteElo "2696"]
[BlackElo "2491"]
[WhiteFideId "4168003"]
[BlackFideId "24112798"]
[EventDate "2015.06.22"]

1. d4 Nf6 2. c4 g6 3. Nc3 Bg7 4. e4 d6 5. Nf3 O-O 6. Be2 e5 7. O-O Nc6 8. d5 Ne7
9. a4 Nh5 10. a5 a6 11. Re1 h6 12. c5 Nf4 13. Bf1 g5 14. cxd6 cxd6 15. Nd2 f5
16. g3 Nfg6 17. Nc4 f4 18. Nb6 Rb8 19. Nxc8 Qxc8 20. Bd2 g4 21. Rc1 Qd7 22. Na4
Nc8 23. Rc3 h5 24. b3 Qf7 25. f3 fxg3 26. hxg3 h4 27. Bg2 hxg3 28. Rf1 Bh6 29.
Bxh6 Qh7 30. fxg4 Rxf1+ 31. Bxf1 Qxh6 32. Rxg3 Qg5 33. Nb2 Na7 34. Nc4 Nb5 35.
Rh3 Rf8 36. Rh5 Qf4 37. Rf5 Qg3+ 38. Kh1 Nd4 39. Rxf8+ Kxf8 40. Qd2 Nf4 41. Qh2
Qf3+ 42. Bg2 Qd1+ 43. Qg1 Qxg4 44. Bf1 Qf3+ 45. Bg2 Qh5+ 46. Qh2 Qd1+ 47. Qg1
Qxg1+ 48. Kxg1 Ke7 49. Bf1 Nxb3 50. Kf2 Kd7 51. Kf3 Kc7 52. Ke3 Nc5 53. Nb6 Nh5
54. Bh3 Nf6 55. Bf5 Nfd7 56. Bxd7 Nxd7 57. Nc4 b6 58. axb6+ Nxb6 59. Na5 Nd7 60.
Nc4 Nc5 61. Na5 Nb7 62. Nc4 a5 63. Kd2 Kb8 64. Kc2 Ka7 65. Kd2 Ka6 66. Kc3 Kb5
67. Na3+ Kb6 68. Nc4+ Kc5 69. Nb2 Nd8 70. Nc4 a4 71. Nb2 Kb5 0-1

[Event "68th ch-RUS HL 2015"]
[Site "Kaliningrad RUS"]
[Date "2015.06.28"]
[Round "6.8"]
[White "Shariyazdanov, Andrey"]
[Black "Fedoseev, Vladimir3"]
[Result "0-1"]
[WhiteTitle "GM"]
[BlackTitle "GM"]
[WhiteElo "2535"]
[BlackElo "2674"]
[WhiteFideId "4122747"]
[BlackFideId "24130737"]
[EventDate "2015.06.22"]

1. c4 e5 2. Nc3 Nf6 3. Nf3 Nc6 4. e3 Bb4 5. Qc2 Bxc3 6. Qxc3 Qe7 7. d3 O-O 8. e4
d6 9. Be2 b6 10. h3 Nd8 11. Be3 Ne6 12. b4 Nd7 13. Nd2 g6 14. O-O f5 15. f3 f4
16. Bf2 c5 17. Rfb1 Nf6 18. a4 Nd4 19. Bd1 a5 20. bxc5 bxc5 21. Rb5 Nc6 22. Nb3
Qc7 23. Qd2 Nd7 24. g3 fxg3 25. Bxg3 Ba6 26. Be2 Bxb5 27. cxb5 Nb4 28. Rf1 Qb6
29. Kg2 Nf6 30. f4 c4 31. fxe5 dxe5 32. Bxe5 cxb3 33. Qc3 Rac8 34. Qxb3+ Kg7 35.
Rf2 Nc2 36. Qb2 Rc5 37. Kg3 Rxe5 38. Qxe5 Qe3+ 39. Bf3 Ne1 40. d4 Re8 0-1

[Event "68th ch-RUS HL 2015"]
[Site "Kaliningrad RUS"]
[Date "2015.06.28"]
[Round "6.9"]
[White "Chekhov, Sergei"]
[Black "Sjugirov, Sanan"]
[Result "1/2-1/2"]
[WhiteTitle "IM"]
[BlackTitle "GM"]
[WhiteElo "2476"]
[BlackElo "2662"]
[WhiteFideId "4195639"]
[BlackFideId "4189302"]
[EventDate "2015.06.22"]

1. e4 c5 2. c3 d5 3. exd5 Qxd5 4. d4 Nf6 5. Nf3 Bg4 6. Be2 e6 7. h3 Bh5 8. O-O
Nc6 9. Be3 cxd4 10. Nxd4 Bxe2 11. Qxe2 Nxd4 12. Bxd4 Be7 13. Rd1 Qc6 14. c4 O-O
15. Nc3 a6 16. b3 Rad8 17. Be5 Nd7 18. Bd4 Rfe8 19. Qb2 Nf8 20. Ne2 f6 21. Be3
Ng6 22. Nd4 Qe4 23. Qb1 Qe5 24. Nf3 Rxd1+ 25. Qxd1 Qe4 26. Qe1 Qc2 27. Qd1 Qe4
28. Qe1 Qc2 29. Qd1 Qe4 1/2-1/2

[Event "68th ch-RUS HL 2015"]
[Site "Kaliningrad RUS"]
[Date "2015.06.28"]
[Round "6.10"]
[White "Predke, Alexandr"]
[Black "Riazantsev, Alexander"]
[Result "1/2-1/2"]
[BlackTitle "GM"]
[WhiteElo "2543"]
[BlackElo "2658"]
[WhiteFideId "24107581"]
[BlackFideId "4125029"]
[EventDate "2015.06.22"]

1. e4 e6 2. d4 d5 3. Nc3 Bb4 4. e5 c5 5. a3 Ba5 6. b4 cxd4 7. Qg4 Kf8 8. Nb5 Bb6
9. Nf3 Nc6 10. Bb2 Nge7 11. Nbxd4 h5 12. Qf4 Ng6 13. Nxc6 Nxf4 14. Nxd8 Bxd8 15.
g3 Ng6 16. h4 Bd7 17. a4 Be7 18. b5 Bb4+ 19. c3 Ba5 20. Bd3 Ne7 21. Ke2 f6 22.
c4 dxc4 23. Bxc4 Kf7 24. Rhd1 Rhd8 25. Rd4 Rac8 26. exf6 gxf6 27. Rf4 Nd5 28.
Bxd5 Rc2+ 29. Kf1 Rxb2 30. Ne5+ Ke7 31. Nc4 e5 32. Nxb2 exf4 33. Nc4 Bc7 34.
Re1+ Kf8 35. Bxb7 fxg3 36. Kg2 gxf2 37. Kxf2 Bf5 38. a5 Rd4 39. b6 axb6 40. axb6
Rxc4 41. bxc7 Rxc7 42. Bf3 Bg4 43. Bxg4 hxg4 44. Kg3 f5 45. Kf4 Rf7 46. Re6 Kg7
47. h5 Rf6 48. Re8 Kh7 49. Rb8 Rf7 50. Rb6 Rf8 51. h6 Rg8 52. Kxf5 g3 53. Rb1 g2
54. Rg1 Kxh6 55. Kf4 Kh5 56. Kf3 Kh4 57. Rxg2 Rxg2 58. Kxg2 1/2-1/2